000 00304nam a2200145Ia 4500
100 _aRAJPUT/R.K.
650 _aPRODUCTION
942 _cBK
366 _f15
245 _aTEXTBOOK OF MECHATRONICS.
260 _bS.Chand
_aNew Delhi
_c2009
082 _a670.285/RAJ
300 _a754
546 _aENGLISH
999 _c28267
_d28267